RF Circuit Design / (Record no. 17105)
[ view plain ]
| 000 -LEADER | |
|---|---|
| fixed length control field | 00832cam a2200253 a 4500 |
| 001 - CONTROL NUMBER | |
| control field | 14991174 |
| 005 - DATE AND TIME OF LATEST TRANSACTION | |
| control field | 20121126122316.0 |
| 008 - FIXED-LENGTH DATA ELEMENTS--GENERAL INFORMATION | |
| fixed length control field | 070901s2008 ne a b 001 0 eng |
| 020 ## - INTERNATIONAL STANDARD BOOK NUMBER | |
| International Standard Book Number | 0750685182 |
| 020 ## - INTERNATIONAL STANDARD BOOK NUMBER | |
| International Standard Book Number | 9780750685184 |
| 082 00 - DEWEY DECIMAL CLASSIFICATION NUMBER | |
| Classification number | 621.38412 |
| Edition number | 22 |
| Item number | BOW |
| 100 1# - MAIN ENTRY--PERSONAL NAME | |
| Personal name | Bowick, Chris. |
| 9 (RLIN) | 31456 |
| 245 10 - TITLE STATEMENT | |
| Title | RF Circuit Design / |
| Statement of responsibility, etc | Christopher Bowick ; with John Blyler and Cheryl Ajluni. |
| 250 ## - EDITION STATEMENT | |
| Edition statement | 2nd ed. |
| 260 ## - PUBLICATION, DISTRIBUTION, ETC. (IMPRINT) | |
| Place of publication, distribution, etc | Amsterdam ; |
| -- | Boston : |
| Date of publication, distribution, etc | Newnes/Elsevier, |
| -- | c2008. |
| 300 ## - PHYSICAL DESCRIPTION | |
| Extent | x, 243 p. : |
| Other physical details | ill. ; |
| Dimensions | 28 cm. |
| 504 ## - BIBLIOGRAPHY, ETC. NOTE | |
| Bibliography, etc | Includes bibliographical references (p. [233]-235) and index. |
| 650 #0 - SUBJECT ADDED ENTRY--TOPICAL TERM | |
| Topical term or geographic name as entry element | Radio circuits |
| General subdivision | Design and construction. |
| 9 (RLIN) | 31457 |
| 650 #0 - SUBJECT ADDED ENTRY--TOPICAL TERM | |
| Topical term or geographic name as entry element | Radio frequency. |
| 9 (RLIN) | 31458 |
| 653 ## - INDEX TERM--UNCONTROLLED | |
| Resource For college | |
| Arrived date list | November2012 |
| 700 1# - ADDED ENTRY--PERSONAL NAME | |
| Personal name | Blyler, John. |
| 9 (RLIN) | 31459 |
| 700 1# - ADDED ENTRY--PERSONAL NAME | |
| Personal name | Ajluni, Cheryl J. |
| 9 (RLIN) | 31460 |
| 942 ## - ADDED ENTRY ELEMENTS (KOHA) | |
| Source of classification or shelving scheme | Dewey Decimal Classification |
| Item type | Book - Borrowing |
| Withdrawn status | Item status | Source of classification or shelving scheme | Damaged status | Not for loan | Vendor | Home library | Current library | Shelving location | Date acquired | Source of acquisition | Cost, normal purchase price | Serial Enumeration / chronology | Total Checkouts | Total Renewals | Full call number | Barcode | Date last seen | Date last borrowed | Koha item type |
|---|---|---|---|---|---|---|---|---|---|---|---|---|---|---|---|---|---|---|---|
| Dewey Decimal Classification | Baccah | Central Library | Central Library | First floor | 26/11/2012 | 250.00 | 16429 | 3 | 15 | 621.38412 BOW | 000027831 | 15/07/2025 | 29/10/2016 | Book - Borrowing |